| 000 | 01967cam a2200541 a 4500 | ||
|---|---|---|---|
| 001 | 22012 | ||
| 003 | VRT | ||
| 005 | 20260317150509.0 | ||
| 008 | 240315s2012 xo g 000 f slo | ||
| 015 | _aSNBA2012/05-02952 | ||
| 020 |
_a9788055128504 _q(viaz.) |
||
| 035 | _a1D1BE216-DC9B-4624-9527-9609A776BF31 | ||
| 035 | _aurn:nbn:sk:snk-amjkfq | ||
| 035 | _aurn:nbn:sk:snk-am001rqi | ||
| 039 | 9 |
_a202403151916 _bVLOAD _c202107132125 _dAUTHORITY _c201603230949 _dmbpksh02 _c201508271428 _dVLOAD |
|
| 040 |
_aPOKPOH _bslo _cPOKPOH _dSNK _eAACR2 |
||
| 041 | 1 |
_aslo _heng |
|
| 044 |
_axo _cSK |
||
| 072 | 7 |
_a821.111(73)-3 _xAmerická próza _2konspekt |
|
| 080 |
_a821.111(73)-31 _22001 |
||
| 080 |
_a(0:82-312.4) _22001 |
||
| 080 |
_a(0:82-312.5) _22001 |
||
| 100 | 1 |
_aKate, Lauren, _d1981- _4aut |
|
| 240 | 1 | 0 |
_aPassion _lSlovensky |
| 245 | 1 | 0 |
_aPadlí anjeli _nTretia časť _pVášeň _cLauren Kateová ; [z anglického originálu preložila Saskia Hudecová] |
| 246 | 3 | 0 | _aVášeň |
| 250 | _a[1. vyd.] | ||
| 260 |
_aBratislava _bIkar _c2012 |
||
| 300 |
_a277 s. _c24 cm |
||
| 500 | _aNa obálke uvedené: Tretia časť nebezpečne vzrušujúcej a tajomne romantickej tetralógie Padlí anjeli | ||
| 500 | _aNáz. z obalu | ||
| 655 | 7 |
_aamerické romány _2SNKPH |
|
| 655 | 7 |
_atrilery (romány) _2SNKPH |
|
| 655 | 7 |
_aľúbostné romány _2SNKPH |
|
| 655 | 7 |
_aAmerican fiction _2SNKPHeng |
|
| 655 | 7 |
_aThrillers (novels) _2SNKPHeng |
|
| 655 | 7 |
_aLove novels _2SNKPHeng |
|
| 700 | 1 |
_aHudecová, Saskia _4trl |
|
| 910 | _abpksh | ||
| 942 |
_2ddc _cKLDO _n0 |
||
| 949 |
_617A0954551 _asnkSC 143726/3 D1 _bsnk2012/11348 _o1125/12 |
||
| 949 |
_6270001000398388 _asvkbbB 45091-3 _bsvkbbm 726731 |
||
| 949 |
_617A0886724 _asnkSC 143726/3 _bsnk2012/8526 _o1125/12 |
||
| 949 |
_62889181737 _asavukPV 16262 _bsavuk2012/1660 |
||
| 949 |
_6273K0547974 _asvkpoB 87694 _bsvkpo552840 |
||
| 949 |
_63869A12232 _abpksh821.111(73)-31 _bbpksh67340 |
||
| 980 | _a821.111(73)-31 | ||
| 999 |
_c22012 _d22012 |
||